Loading...
| Literature - American | 0 | 7 | 0 | 3 | 70 | 42 | 89.86 | 4 | 7 | 0.00 | 0.00 |
| Philosophy | 0 | 6 | 0 | 0 | 60 | 21 | 62.67 | 5 | 6 | 0.00 | 0.00 |
| Literature - British | 0 | 5 | 0 | 0 | 50 | 56 | 78.20 | 3 | 5 | 0.00 | 0.00 |
| Fine Arts - Other | 0 | 4 | 0 | 1 | 40 | 49 | 60.75 | 2 | 4 | 0.00 | 0.00 |
| Fine Arts - Painting & Sculpture | 0 | 4 | 0 | 0 | 40 | 68 | 73.25 | 4 | 4 | 0.00 | 0.00 |
| Literature - World | 0 | 5 | 3 | 1 | 35 | 54 | 76.40 | 4 | 5 | 0.00 | 0.00 |
| Social Science | 0 | 3 | 0 | 0 | 30 | 72 | 79.00 | 1 | 3 | 0.00 | 0.00 |
| Science - Physics | 0 | 3 | 0 | 0 | 30 | 18 | 53.33 | 2 | 3 | 0.00 | 0.00 |
| Religion | 0 | 2 | 0 | 0 | 20 | 67 | 93.50 | 1 | 2 | 0.00 | 0.00 |
| Literature - European | 0 | 2 | 0 | 0 | 20 | 71 | 80.00 | 2 | 2 | 0.00 | 0.00 |
| Science - Chemistry | 0 | 1 | 0 | 0 | 10 | 67 | 67.00 | 0 | 1 | 0.00 | 0.00 |
| Science - Other | 0 | 1 | 0 | 0 | 10 | 39 | 39.00 | 1 | 1 | 0.00 | 0.00 |
| Other | 0 | 1 | 0 | 0 | 10 | 83 | 83.00 | 0 | 1 | 0.00 | 0.00 |
| Science - Biology | 0 | 0 | 2 | 0 | -10 | 0.00 | 0 | 0 | 0.00 | 0.00 |